| 000 | 00447nam a2200181 a 4500 | ||
|---|---|---|---|
| 001 | BRCA_7137 | ||
| 005 | 20190320205727.0 | ||
| 008 | 110112s1928----gw-#######---#000-0#ger-# | ||
| 041 | _ager | ||
| 044 | _agw | ||
| 050 | 4 |
_aPT2623 .E43 _bU58 1928 |
|
| 245 | 1 | 0 |
_aUnter russischen Vagabunden _cvon Georg Leichner. |
| 260 |
_aLeipzig, Alemania _bW. Goldmann _cc1928 |
||
| 300 |
_a252 p. _c19 cm. |
||
| 500 | _aP25 | ||
| 902 | _aGFM | ||
| 942 |
_2lcc _cB |
||
| 999 |
_c6818 _d6818 |
||